Plopsaland Alle Attracties - Statistieken

Algemene statistieken
  • Deze quiz is 93 keer genomen
  • De gemiddelde score is 40 van 59
Antwoordstatistieken
Hint Antwoord % Correct
Heidiland Heidi The Ride
97%
Kasteelplein De Draak
90%
Anubis Anubis The Ride
86%
Ploptuin De Eendjes
86%
Kasteelplein Dino Splash
86%
Mega Mindy Mega Mindy Jetski
86%
Ploptuin De Konijntjes
83%
Plop Het Bos van Plop
83%
Ketnet #LikeMe Coaster
83%
Tomorrowland The Ride to Happiness by Tomorrowland
83%
Mayaland De Bloemenmolen
79%
Ploptuin De Emmer
79%
Wickieland De Grote Golf
79%
Mega Mindy De Vliegende Fietsen
79%
K3 K3 Rollerskater
79%
Piratenzone Supersplash
79%
Ketnet Tik Tak
79%
Heidiland De Dierenmolen
76%
Mayaland De Glijbaan
76%
Ploptuin De Kikkers
76%
Big & Betsy Hoeve De Tractors
76%
Nachtwacht Nachtwacht-Flyer
76%
Circus Bumba Op Reis met Bumba
76%
Kermisplein Carrousel
72%
Dorpsplein De Dansende Fonteinen
72%
Mayaland De Waterlelies
72%
Mayaland Het Ballenbad
72%
Piratenzone Storm Op Zee
72%
Prinsessia De Koffiekopjes
69%
Mayaland De Valtoren
69%
Dorpsplein Het Verkeerspark
69%
Dorpsplein Plopsa Express
69%
Heidiland Plopsa Express
69%
Ketnet Plopsa Express
69%
Wickieland Plopsa Express
69%
Kermisplein Safari
69%
Circus Bumba De Dolle Busrit
66%
Wickieland Wickie The Battle
66%
Kermisplein Balloon Race
62%
Piratenzone De Hangbrug
62%
Piratenzone De Piratenboot
62%
Circus Bumba Bumballoon
59%
Big & Betsy Hoeve De Doorloopweide
59%
Mayaland Het Vlot
59%
Kermisplein Wienerwalz
59%
Mayaland De Swingboom
55%
Kermisplein Scooter
55%
Piratenzone Waterfietsen
55%
Mayaland De Klimboom
52%
Ploptuin De Ploptuin
52%
Dorpsplein F.C. De Kampioenen
52%
Mayaland Het Spinnenweb
52%
Circus Bumba Tumbi's Ballenbad
52%
Mayaland Willies Speeltuin
48%
Big & Betsy Hoeve Big & Betsy Hoeve
45%
Piratenzone De Piratenspeeltuin
45%
Circus Bumba Bumba's Speeltuin
41%
Circus Bumba Poppa's Klimtoren
41%
Big & Betsy Hoeve De Tuin van Big
34%
Geen overeenkomende quizzen gevonden
Scoreverdeling
Procent van Mensen met Elke Score
Percentiel versus Aantal Correcte Antwoorden
Uw Scoregeschiedenis
U heeft deze quiz nog niet genomen